Majetok a záväzky v cudzej mene v účtovníctve podnikateľov bakalárska práca

Gespeichert in:
Bibliographische Detailangaben
1. Verfasser: Bednárová, Ivana
Körperschaft: Fakulta hospodárskej informatiky EU. Katedra účtovníctva a audítorstva
Weitere Verfasser: Sklenka, Miloš
Format: Buch
Sprache:Slowakisch
Veröffentlicht: Bratislava 2016
Tags: Tag hinzufügen
Keine Tags, Fügen Sie das erste Tag hinzu!

MARC

LEADER 00000nbm a2200000 4500
001 0219084
005 20240903101047.5
041 0 |a slo 
044 |a SK 
245 1 0 |a Majetok a záväzky v cudzej mene v účtovníctve podnikateľov  |b bakalárska práca  |c Ivana Bednárová ; školiteľ: Miloš Sklenka 
264 1 |a Bratislava  |c 2016 
300 |a 54 s. 
100 1 |a Bednárová, Ivana 
700 1 |a Sklenka, Miloš 
710 2 |a Fakulta hospodárskej informatiky EU. Katedra účtovníctva a audítorstva